[Event "SVK-chT2A 2324"]
[Site "Slovakia"]
[Date "2023.10.08"]
[Round "2.8"]
[White "Mezes, Kristof"]
[Black "Visvader, Kristof"]
[Result "1-0"]
[WhiteElo "1678"]
[BlackElo "1526"]
[PlyCount "69"]
[EventDate "2023.10.07"]
[EventType "team-tourn"]
[EventRounds "11"]
[EventCountry "SVK"]
[SourceTitle "EXT 2025"]
[Source "ChessBase"]
[SourceDate "2024.10.14"]
[SourceVersion "1"]
[SourceVersionDate "2024.10.14"]
[SourceQuality "1"]
[WhiteTeam "Dunajska Streda II"]
[BlackTeam "Osuske II"]
[WhiteTeamCountry "SVK"]
[BlackTeamCountry "SVK"]

1. d4 d5 2. c4 e6 3. Nc3 Nf6 4. Nf3 c6 5. a3 Nbd7 6. Bg5 Qa5 7. b4 Qc7 8. e3 Be7 9. Bf4 Bd6 10. Bxd6 Qxd6 11. c5 Qc7 12. Bd3 e5 13. dxe5 Nxe5 14. Nxe5 Qxe5 15. Ne2 0-0 16. Nd4 Qg5 17. 0-0 Bh3 18. Qf3 Bg4 19. Qf4 Qxf4 20. exf4 Rfe8 21. Rfe1 Rxe1+ 22. Rxe1 Re8 23. Re3 Bd1 24. Nf5 b5 25. Nd4 Rc8 26. Re7 a5 27. Bf5 Ra8 28. Nxc6 axb4 29. axb4 Kf8 30. h3 g6 31. Bd3 Rc8 32. Re1 Ba4 33. Nd4 Rb8 34. c6 Ne8 35. f5 1-0

[Event "SVK-chT2A 2223"]
[Site "Slovakia"]
[Date "2022.11.26"]
[Round "5.8"]
[White "Malaschitz, Teodor"]
[Black "Mezes, Kristof"]
[Result "1-0"]
[WhiteElo "1510"]
[BlackElo "1771"]
[PlyCount "115"]
[EventDate "2022.10.08"]
[EventType "team-tourn"]
[EventRounds "11"]
[EventCountry "SVK"]
[SourceTitle "EXT 2024"]
[Source "ChessBase"]
[SourceDate "2023.10.10"]
[SourceVersion "1"]
[SourceVersionDate "2023.10.10"]
[SourceQuality "1"]
[WhiteTeam "Bratislava Doprastav II"]
[BlackTeam "Dunajska Streda II"]
[WhiteTeamCountry "SVK"]
[BlackTeamCountry "SVK"]

1. e4 e6 2. d4 d5 3. e5 c5 4. c3 Nc6 5. Nf3 Qb6 6. Bd3 Bd7 7. Bc2 cxd4 8. cxd4 Nb4 9. Ba4 Bxa4 10. Qxa4+ Qc6 11. Qxc6+ bxc6 12. Na3 Rb8 13. Ke2 Na6 14. b3 Ne7 15. Bb2 Ng6 16. g3 Be7 17. h4 h6 18. Rhc1 Kd7 19. Nc2 Rhc8 20. h5 Nf8 21. Ba3 c5 22. Nce1 Kd8 23. Rc2 Rc7 24. Nd3 Nd7 25. Rac1 Rbc8 26. Nfe1 Ke8 27. dxc5 Ndxc5 28. Nxc5 Bxc5 29. Bxc5 Rxc5 30. Rxc5 Rxc5 31. Rb1 Nb4 32. Rb2 d4 33. f4 Rc3 34. Kf2 Kd7 35. Rd2 Nc6 36. Nf3 Kc7 37. g4 f6 38. Ke2 fxe5 39. fxe5 Re3+ 40. Kf2 Nxe5 41. Nxe5 Rxe5 42. Rxd4 Ra5 43. a4 e5 44. Rc4+ Kd7 45. Ke3 Ke7 46. Rc7+ Kf6 47. Rc6+ Ke7 48. Ke4 Kf7 49. Rc7+ Kf6 50. Rc6+ Kf7 51. Kf5 Ke7 52. Re6+ Kf7 53. Rxe5 Ra6 54. Rb5 Ke7 55. Rb7+ Kf8 56. Ke4 Ra5 57. Kd3 Rg5 58. Rxa7 1-0

[Event "SVK-chT2A 2122"]
[Site "Slovakia"]
[Date "2022.03.27"]
[Round "9.8"]
[White "Moravcik, Denis"]
[Black "Mezes, Kristof"]
[Result "1/2-1/2"]
[WhiteElo "1691"]
[BlackElo "1743"]
[PlyCount "49"]
[EventDate "2021.10.16"]
[EventType "team-tourn"]
[EventRounds "11"]
[EventCountry "SVK"]
[SourceTitle "EXT 2023"]
[Source "ChessBase"]
[SourceDate "2022.10.05"]
[SourceVersion "1"]
[SourceVersionDate "2022.10.05"]
[SourceQuality "1"]
[WhiteTeam "Pezinok"]
[BlackTeam "Dunajska Streda II"]
[WhiteTeamCountry "SVK"]
[BlackTeamCountry "SVK"]

1. d4 e6 2. c4 d5 3. Nc3 c6 4. Nf3 f5 5. e3 Bd6 6. Bd3 Nf6 7. Bd2 0-0 8. 0-0 Nbd7 9. Rc1 Ne4 10. cxd5 exd5 11. Qb3 Ndf6 12. Rfd1 Kh8 13. Ne5 Bxe5 14. dxe5 Ng4 15. Bxe4 fxe4 16. Qb4 Nxe5 17. Rc2 Nd3 18. Qd4 Rxf2 19. Nxe4 Rf8 20. Bc3 Qe7 21. Rxd3 dxe4 22. Rd1 Bg4 23. Bb4 Qf6 24. Bxf8 Bxd1 25. Bxg7+ 1/2-1/2

[Event "SVK-chT4 A22 1819"]
[Site "Slovakia"]
[Date "2019.03.03"]
[Round "10.1"]
[White "Csefalvay, Stefan"]
[Black "Mezes, Kristof"]
[Result "1/2-1/2"]
[WhiteElo "1769"]
[BlackElo "1673"]
[PlyCount "54"]
[EventDate "2018.10.14"]
[EventType "team-tourn"]
[EventRounds "11"]
[EventCountry "SVK"]
[SourceTitle "EXT 2020"]
[Source "ChessBase"]
[SourceDate "2019.10.17"]
[SourceVersion "1"]
[SourceVersionDate "2019.10.17"]
[SourceQuality "1"]

1. Nf3 e6 2. g3 d5 3. Bg2 Nf6 4. d4 Bd6 5. 0-0 b6 6. c4 Bb7 7. Nc3 dxc4 8. Qa4+ Nbd7 9. Qxc4 0-0 10. Bg5 h6 11. Bxf6 Nxf6 12. Nd2 Bxg2 13. Kxg2 c5 14. dxc5 Bxc5 15. Nde4 Rc8 16. Rad1 Qe7 17. Nxf6+ Qxf6 18. Qe4 Rfd8 19. e3 Qe7 20. Qf3 a6 21. Rxd8+ Rxd8 22. Rd1 Rxd1 23. Qxd1 b5 24. Qf3 Qa7 25. Qc6 Qb6 26. Qxb6 Bxb6 27. Kf3 Kf8 1/2-1/2

[Event "SVK-chT4 A22 1819"]
[Site "Slovakia"]
[Date "2019.01.06"]
[Round "6.3"]
[White "Mezes, Kristof"]
[Black "Biskupic, Adam"]
[Result "1-0"]
[WhiteElo "1673"]
[BlackElo "1130"]
[PlyCount "61"]
[EventDate "2018.10.14"]
[EventType "team-tourn"]
[EventRounds "11"]
[EventCountry "SVK"]
[SourceTitle "EXT 2020"]
[Source "ChessBase"]
[SourceDate "2019.10.17"]
[SourceVersion "1"]
[SourceVersionDate "2019.10.17"]
[SourceQuality "1"]

1. d4 d5 2. c4 dxc4 3. e4 e6 4. Bxc4 Bb4+ 5. Nc3 Ne7 6. a3 Bxc3+ 7. bxc3 b6 8. Nf3 Bb7 9. Bd3 Nd7 10. 0-0 0-0 11. Ng5 h6 12. Nh3 c5 13. e5 cxd4 14. cxd4 Rc8 15. Qg4 Re8 16. Bxh6 g6 17. Nf4 f5 18. exf6 Nxf6 19. Qxe6+ Kh7 20. Qxf6 Kxh6 21. Nxg6 Rc6 22. Qh4+ Kg7 23. Nxe7 Qxe7 24. Qg3+ Kf8 25. Bb5 Rf6 26. Bxe8 Qxe8 27. Rfe1 Rg6 28. Rxe8+ Kxe8 29. Qxg6+ Kd7 30. Qf7+ Kc8 31. Rc1+ 1-0

[Event "SVK-chT4 A22 1819"]
[Site "Slovakia"]
[Date "2018.12.16"]
[Round "5.4"]
[White "Zarecky, Eduard"]
[Black "Mezes, Kristof"]
[Result "1-0"]
[WhiteElo "1831"]
[BlackElo "1673"]
[PlyCount "105"]
[EventDate "2018.10.14"]
[EventType "team-tourn"]
[EventRounds "11"]
[EventCountry "SVK"]
[SourceTitle "EXT 2020"]
[Source "ChessBase"]
[SourceDate "2019.10.17"]
[SourceVersion "1"]
[SourceVersionDate "2019.10.17"]
[SourceQuality "1"]

1. d4 e6 2. c4 d5 3. Nc3 f5 4. Nf3 Nd7 5. e3 c6 6. Ne5 Ngf6 7. a3 Bd6 8. Nf3 Ne4 9. c5 Bc7 10. Ne2 0-0 11. Qc2 Ndf6 12. Ne5 Ng4 13. f3 Nxe5 14. fxe4 Ng4 15. e5 g5 16. g3 Nxe5 17. dxe5 Bxe5 18. Bd2 Bg7 19. Bc3 e5 20. Bg2 Be6 21. h4 g4 22. 0-0 h5 23. Rad1 Qc7 24. b4 Rad8 25. Qb2 a6 26. a4 Rde8 27. Qc2 Rd8 28. Rb1 d4 29. exd4 exd4 30. Nf4 Bc4 31. Be1 Bxf1 32. Bxf1 Qd7 33. Bc4+ Kh8 34. Ng6+ Kh7 35. Nxf8+ Rxf8 36. Qd3 Re8 37. Bf2 Kh8 38. Rd1 Kh7 39. Bb3 Rd8 40. Bc2 Kg6 41. Qd2 Bf6 42. Qf4 Qd5 43. Bd3 Re8 44. Rf1 Re6 45. Be1 Re5 46. Bd2 Re4 47. Bxe4 Qxe4 48. Qh6+ Kf7 49. Qxh5+ Kg7 50. Re1 Qf3 51. Bh6+ Kh7 52. Qf7+ Kxh6 53. Qxf6+ 1-0

[Event "SVK-ch U14"]
[Site "Liptovsky Mikulas"]
[Date "2018.04.26"]
[Round "8"]
[White "Minarik, Jozef"]
[Black "Mezes, Kristof"]
[Result "1/2-1/2"]
[WhiteElo "1428"]
[BlackElo "1625"]
[PlyCount "24"]
[EventDate "2018.04.21"]
[EventType "swiss"]
[EventRounds "9"]
[EventCountry "SVK"]
[SourceTitle "CBM 184 Extra"]
[Source "ChessBase"]
[SourceDate "2018.06.28"]
[SourceVersion "1"]
[SourceVersionDate "2018.06.28"]
[SourceQuality "1"]

1. e4 e6 2. d4 d5 3. exd5 exd5 4. Bf4 Nf6 5. Bd3 c6 6. Ne2 Bd6 7. 0-0 0-0 8. c3 Bg4 9. f3 Bh5 10. Bxd6 Qxd6 11. Ng3 Bg6 12. Qc2 Bxd3 1/2-1/2

[Event "SVK-ch U14"]
[Site "Liptovsky Mikulas"]
[Date "2018.04.24"]
[Round "5"]
[White "Kossuth, Tomas"]
[Black "Mezes, Kristof"]
[Result "0-1"]
[WhiteElo "1441"]
[BlackElo "1625"]
[PlyCount "190"]
[EventDate "2018.04.21"]
[EventType "swiss"]
[EventRounds "9"]
[EventCountry "SVK"]
[SourceTitle "CBM 184 Extra"]
[Source "ChessBase"]
[SourceDate "2018.06.28"]
[SourceVersion "1"]
[SourceVersionDate "2018.06.28"]
[SourceQuality "1"]

1. e4 e6 2. d4 d5 3. e5 c5 4. c3 Nc6 5. Nf3 Qb6 6. a3 cxd4 7. cxd4 Nh6 8. b4 Nf5 9. Be3 Nxe3 10. fxe3 a5 11. b5 Na7 12. Nc3 Bd7 13. Na4 Qd8 14. Qb3 Be7 15. Nc5 Bxc5 16. dxc5 Rc8 17. Rc1 Qe7 18. Qc3 Nxb5 19. Bxb5 Bxb5 20. Qxa5 Ba6 21. Kf2 0-0 22. c6 Ra8 23. cxb7 Bxb7 24. Qb4 Qd7 25. Rb1 Bc6 26. Rhc1 h6 27. Nd4 Rfc8 28. Nxc6 Rxc6 29. Qb5 Rxc1 30. Qxd7 Rxb1 31. Kg3 Rb3 32. Kf4 Rbxa3 33. h4 R3a4+ 34. Kg3 Re4 35. Qc6 Rf8 36. Qc3 Rc4 37. Qb3 Rfc8 38. Qb7 Rc3 39. Kf3 d4 40. Qb2 dxe3 41. Qb5 R3c5 42. Qa6 Rc3 43. g4 R3c6 44. Qa7 Rc3 45. g5 hxg5 46. hxg5 R3c7 47. Qa6 Rc5 48. g6 R5c6 49. gxf7+ Kxf7 50. Qb7+ R8c7 51. Qb4 Rc5 52. Qf4+ Kg8 53. Qg5 Rf7+ 54. Kxe3 Rf5 55. Qd8+ Kh7 56. Qh4+ Kg6 57. Qg4+ Kf7 58. Qb4 Rcxe5+ 59. Kd3 Rd5+ 60. Ke3 Rd7 61. Qh4 Re7 62. Ke4 Ra5 63. Qf4+ Kg8 64. Qb8+ Kh7 65. Qh2+ Kg6 66. Qg3+ Rg5 67. Qd6 Kf7 68. Qf4+ Rf5 69. Qh4 Ra5 70. Qf4+ Kg6 71. Qg3+ Rg5 72. Qd6 Kf7 73. Qf4+ Rf5 74. Qh4 Re8 75. Qg3 Kg8 76. Qg6 Ref8 77. Qxe6+ R5f7 78. Kd5 Rd8+ 79. Kc6 Rdd7 80. Qe8+ Kh7 81. Qe4+ g6 82. Qh1+ Kg8 83. Qg1 Rg7 84. Qg2 g5 85. Qa2+ Rdf7 86. Qa8+ Kh7 87. Qa2 g4 88. Kd5 g3 89. Ke6 g2 90. Qc2+ Kg8 91. Qc8+ Rf8 92. Qc4 g1Q 93. Ke5+ Kh8 94. Qh4+ Rh7 95. Qb4 Qg5+ 0-1

[Event "SVK-ch U14"]
[Site "Liptovsky Mikulas"]
[Date "2018.04.24"]
[Round "6"]
[White "Mezes, Kristof"]
[Black "Grec, Jan Alexander"]
[Result "1/2-1/2"]
[WhiteElo "1625"]
[BlackElo "1614"]
[PlyCount "63"]
[EventDate "2018.04.21"]
[EventType "swiss"]
[EventRounds "9"]
[EventCountry "SVK"]
[SourceTitle "CBM 184 Extra"]
[Source "ChessBase"]
[SourceDate "2018.06.28"]
[SourceVersion "1"]
[SourceVersionDate "2018.06.28"]
[SourceQuality "1"]

1. d4 Nf6 2. c4 g6 3. Nc3 d5 4. Nf3 Bg7 5. e3 0-0 6. cxd5 Nxd5 7. Bd3 c5 8. Ne2 Nc6 9. Be4 Nf6 10. Bc2 Bg4 11. Ne5 Nxe5 12. dxe5 Nd7 13. f4 Nb6 14. h3 Qxd1+ 15. Bxd1 Bf5 16. 0-0 Rfd8 17. Ng3 Bd3 18. Rf2 Rd7 19. Bf3 Rad8 20. Ne4 Bxe4 21. Bxe4 e6 22. Bf3 Bf8 23. b3 c4 24. Bb2 Bc5 25. Bd4 Bxd4 26. exd4 Rxd4 27. Bxb7 Nd5 28. bxc4 Rxc4 29. Rd1 Rd7 30. Ba6 Rc5 31. Rb2 Rdc7 32. g3 1/2-1/2

[Event "SVK-ch U14"]
[Site "Liptovsky Mikulas"]
[Date "2018.04.23"]
[Round "4"]
[White "Mezes, Kristof"]
[Black "Vadila, Ondrej"]
[Result "0-1"]
[WhiteElo "1625"]
[BlackElo "2023"]
[PlyCount "68"]
[EventDate "2018.04.21"]
[EventType "swiss"]
[EventRounds "9"]
[EventCountry "SVK"]
[SourceTitle "CBM 184 Extra"]
[Source "ChessBase"]
[SourceDate "2018.06.28"]
[SourceVersion "1"]
[SourceVersionDate "2018.06.28"]
[SourceQuality "1"]

1. d4 Nf6 2. c4 g6 3. Nc3 Bg7 4. e4 d6 5. f3 0-0 6. Bd3 e5 7. d5 a5 8. Nge2 Na6 9. Na4 Nd7 10. Be3 f5 11. 0-0 f4 12. Bf2 b6 13. Nec3 Nf6 14. Nb5 Bd7 15. Nac3 g5 16. a3 g4 17. Bh4 gxf3 18. gxf3 Qe8 19. Kh1 Qh5 20. Bf2 Ne8 21. Be2 Rf6 22. Bg1 Rg6 23. Rf2 Bf6 24. Rg2 Ng7 25. Rxg6 hxg6 26. Bf2 Kf7 27. Qg1 Rh8 28. Rc1 g5 29. Rc2 Rh6 30. Bd1 Rg6 31. Bxb6 g4 32. fxg4 Bxg4 33. Bxa5 Bf3+ 34. Bxf3 Rxg1+ 0-1

[Event "SVK-chT3A2 1718"]
[Site "Slovakia"]
[Date "2018.02.18"]
[Round "9.5"]
[White "Mezes, Kristof"]
[Black "Babirat, Michal"]
[Result "1/2-1/2"]
[WhiteElo "1415"]
[BlackElo "1830"]
[PlyCount "68"]
[EventDate "2017.10.08"]
[EventType "team-tourn"]
[EventRounds "11"]
[EventCountry "SVK"]
[SourceTitle "EXT 2020"]
[Source "ChessBase"]
[SourceDate "2019.10.17"]
[SourceVersion "1"]
[SourceVersionDate "2019.10.17"]
[SourceQuality "1"]
[WhiteTeam "Dunajska Streda II"]
[BlackTeam "Trnava Lokomotiva III"]
[WhiteTeamCountry "SVK"]
[BlackTeamCountry "SVK"]

1. d4 Nf6 2. c4 e6 3. Nc3 Bb4 4. Bg5 d5 5. Nf3 b6 6. a3 Bxc3+ 7. bxc3 0-0 8. e3 dxc4 9. Bxc4 h6 10. Bh4 Bb7 11. 0-0 Nbd7 12. Qe2 Qc8 13. Bd3 c5 14. Rfc1 Ne4 15. Nd2 Nxd2 16. Qxd2 Qc6 17. f3 e5 18. Qf2 Qe6 19. Re1 Qb3 20. Bf5 Bc6 21. d5 Ba4 22. Qd2 Qb5 23. Rab1 Qa6 24. Be7 Rfe8 25. d6 Qb7 26. Qa2 Rec8 27. Bg6 c4 28. Rb4 b5 29. Reb1 Qd5 30. Be4 Qc5 31. Qe2 Rab8 32. Bf5 Qc6 33. Be4 Qc5 34. Bf5 Qc6 1/2-1/2

[Event "SVK-chT3A2 1718"]
[Site "Slovakia"]
[Date "2018.01.21"]
[Round "8.3"]
[White "Mezes, Kristof"]
[Black "Jancicka, Viliam"]
[Result "0-1"]
[WhiteElo "1415"]
[BlackElo "1631"]
[PlyCount "48"]
[EventDate "2017.10.08"]
[EventType "team-tourn"]
[EventRounds "11"]
[EventCountry "SVK"]
[SourceTitle "EXT 2020"]
[Source "ChessBase"]
[SourceDate "2019.10.17"]
[SourceVersion "1"]
[SourceVersionDate "2019.10.17"]
[SourceQuality "1"]
[WhiteTeam "Dunajska Streda II"]
[BlackTeam "Hlohovec"]
[WhiteTeamCountry "SVK"]
[BlackTeamCountry "SVK"]

1. d4 d5 2. c4 Nf6 3. Nc3 c6 4. Nf3 Nbd7 5. e3 e6 6. cxd5 exd5 7. Bd3 Bb4 8. 0-0 0-0 9. a3 Ba5 10. b4 Bc7 11. Bd2 Re8 12. Qc2 g6 13. Rfe1 Nf8 14. e4 dxe4 15. Nxe4 Nxe4 16. Bxe4 Ne6 17. Be3 Bf4 18. Bxf4 Nxf4 19. Rad1 Bg4 20. Qd2 Qf6 21. Rc1 Rad8 22. Ne5 Qxe5 23. Bxc6 Ne2+ 24. Kh1 bxc6 0-1

[Event "SVK-chT3A2 1617"]
[Site "Slovakia"]
[Date "2017.02.19"]
[Round "9.3"]
[White "Planka, Peter"]
[Black "Mezes, Kristof"]
[Result "1/2-1/2"]
[WhiteElo "1781"]
[BlackElo "1447"]
[PlyCount "96"]
[EventDate "2016.10.16"]
[EventType "team-tourn"]
[EventRounds "11"]
[EventCountry "SVK"]
[SourceTitle "EXT 2020"]
[Source "ChessBase"]
[SourceDate "2019.10.17"]
[SourceVersion "1"]
[SourceVersionDate "2019.10.17"]
[SourceQuality "1"]
[WhiteTeam "Skalica II"]
[BlackTeam "Dunajska Streda II"]
[WhiteTeamCountry "SVK"]
[BlackTeamCountry "SVK"]

1. e4 e6 2. d4 d5 3. Nd2 Nf6 4. e5 Nfd7 5. Bd3 c5 6. c3 Nc6 7. Ne2 Qb6 8. Nf3 Be7 9. 0-0 0-0 10. Qc2 f5 11. exf6 Nxf6 12. Qd1 Bd7 13. Ng3 g6 14. Bh6 Rfe8 15. Ng5 cxd4 16. Bxg6 hxg6 17. Qd3 Ne5 18. Qb1 dxc3 19. Nf3 Nxf3+ 20. gxf3 Kf7 21. bxc3 Qxb1 22. Raxb1 b6 23. Rfd1 Rac8 24. Bd2 Bc5 25. Rbc1 Rc7 26. Re1 Bd6 27. Kg2 Ba3 28. Rb1 b5 29. Ne2 Rb8 30. Nd4 a5 31. Bf4 Rcb7 32. Bxb8 Rxb8 33. Rb3 Bd6 34. Nxb5 Rxb5 35. Reb1 Rxb3 36. axb3 Nh5 37. Ra1 Nf4+ 38. Kf1 Bb5+ 39. Ke1 Nd3+ 40. Kd2 Bf4+ 41. Kc2 Bc7 42. Ra3 Nxf2 43. h4 Bd3+ 44. Kd2 Bb5 45. Ra1 Bf4+ 46. Kc2 Bc7 47. Kd2 Bf4+ 48. Kc2 Bc7 1/2-1/2

[Event "SVK-chT3A2 1617"]
[Site "Slovakia"]
[Date "2017.01.22"]
[Round "7.4"]
[White "Mezes, Kristof"]
[Black "Kalman, Miklos"]
[Result "1/2-1/2"]
[WhiteElo "1447"]
[BlackElo "1796"]
[PlyCount "65"]
[EventDate "2016.10.16"]
[EventType "team-tourn"]
[EventRounds "11"]
[EventCountry "SVK"]
[SourceTitle "EXT 2020"]
[Source "ChessBase"]
[SourceDate "2019.10.17"]
[SourceVersion "1"]
[SourceVersionDate "2019.10.17"]
[SourceQuality "1"]
[WhiteTeam "Dunajska Streda II"]
[BlackTeam "Potonska Veza II"]
[WhiteTeamCountry "SVK"]
[BlackTeamCountry "SVK"]

1. e4 e5 2. Nf3 Nc6 3. Bc4 Bc5 4. c3 d6 5. d4 exd4 6. cxd4 Bb4+ 7. Nc3 Nge7 8. 0-0 0-0 9. h3 Bxc3 10. bxc3 d5 11. exd5 Nxd5 12. Qb3 Nb6 13. Bd3 Be6 14. Qc2 h6 15. Bf5 Na5 16. Ne5 Nac4 17. Bxe6 Nxe5 18. dxe5 fxe6 19. Be3 Qd5 20. Rfe1 Rad8 21. Rad1 Qb5 22. Rxd8 Rxd8 23. Rd1 Rxd1+ 24. Qxd1 Qxe5 25. Qd8+ Kh7 26. Qd3+ Kg8 27. Qd8+ Kh7 28. Qd3+ g6 29. Qd8 Qg7 30. Qb8 Nd5 31. Bd4 e5 32. Bxa7 b6 33. c4 1/2-1/2